| 000 | 00468nam a22001697a 4500 | ||
|---|---|---|---|
| 999 |
_c195104 _d195104 |
||
| 005 | 20230217151723.0 | ||
| 010 | _aENG-136234 | ||
| 020 |
_a9789392048029 _c449.00 |
||
| 035 | _aEN-119766 | ||
| 037 | _bDBAD/PUB | ||
| 082 | _a728.084 | ||
| 100 | _aSharma, J.M. | ||
| 245 |
_aWay To Dream Home: _bTurn Your dreams into reality/ _cby J.M. Sharma |
||
| 260 | _bAbhisima Publications | ||
| 300 |
_a308p. _c20cm(pbk) |
||
| 942 |
_2ddc _cEN _h728.084 _mSHA |
||